| 000 | 00516nam a22001697a 4500 | ||
|---|---|---|---|
| 003 | OSt | ||
| 005 | 20251010013319.0 | ||
| 008 | 251010b |||||||| |||| 00| 0 eng d | ||
| 020 | _a978-1-59158-853-5 | ||
| 040 |
_aDWC-Main Lib. _cOC |
||
| 100 | _aPRENTICE, ANN E. | ||
| 245 |
_aPublic libraries in the 21st century/ _cPRENTICE, ANN E. |
||
| 260 |
_aCalifornia : _bABC-CLIO, lLC, _cc2011. |
||
| 300 |
_aviii, 222 pages ; _c25 cm. |
||
| 650 | _aPublic libraries--United States. | ||
| 942 |
_2ddc _cBK-CIRC _hCirc. _n0 |
||
| 999 |
_c4790 _d4790 |
||